Представление документа в формате MARC21

Поле Инд. ПП Название Значение
Тип записи a
Библиографический уровень b
001 Контрольный номер RU/IS/BASE/141828057
005 Дата корректировки 20210602164609.3
084 a Индекс другой классификации/Индекс ББК 87.3(4Авс)6-696; 88.1(4Авс)6-736
100 10 a Автор Автономова Н. С.
245 00 a Заглавие Фрейд в Европе и России: парадоксы "второго пришествия"
520 00 a Аннотация Автор рассказывает о том, что ему представляется актуальным в современном западном и российском психоанализе, подчеркивая при этом саму возможность несовпадения моментов актуальности.
600 14 a Персоналии Фрейд Зигмунд
650 04 a Основная рубрика история психологии
a Основная рубрика психоанализ
a Основная рубрика психология
a Основная рубрика философия; история философии
653 00 a Ключевые слова XX век
a Ключевые слова Австрия
a Ключевые слова Европа
a Ключевые слова медицинская психология
a Ключевые слова научный психоанализ
a Ключевые слова Россия
773 00 t Заглавие источника Философские науки
d Дата издания источника 2000
g Прочая информация № 2. - С. 117 - 123
w Контрольный № источника RU/IS/BASE/141145618
901 t Тип документа b